Podniky v krizi

Správa amerického Inštitútu krízového riadenia o množstve podnikov v kríze. Príčiny kríz a bankrotov. Najviac postihnuté odvetvia. Finančné riadenie podniku v kríze. Situácia v Českej republike.

Gespeichert in:
Bibliographische Detailangaben
1. Verfasser: Rudolf, Filip
Format: Buchkapitel
Sprache:Tschechisch
Schlagworte:
Tags: Tag hinzufügen
Keine Tags, Fügen Sie das erste Tag hinzu!

MARC

LEADER 00000naa$a2200000$$$4500
001 0026672
005 20231106122025.9
041 0 |a cze 
044 |a CZ 
245 1 0 |a Podniky v krizi  |c Filip Rudolf 
520 |a Správa amerického Inštitútu krízového riadenia o množstve podnikov v kríze. Príčiny kríz a bankrotov. Najviac postihnuté odvetvia. Finančné riadenie podniku v kríze. Situácia v Českej republike. 
610 2 0 |a riadenie podnikové 
610 2 0 |a manažment krízový 
610 2 0 |a bankrot 
610 2 0 |a kríza 
610 2 0 |a analýza finančná 
610 2 0 |a konkurzy 
610 2 0 |a Česko 
100 1 |a Rudolf, Filip